Beyond caste: Identity and power in South Asia, past and present (Record no. 394653)

MARC details
000 -LEADER
fixed length control field 00559 a2200205 4500
005 - DATE & TIME
control field 20260402142751.0
008 - FIXED-LENGTH DATA ELEMENTS--GENERAL INFORMATION
fixed length control field 260402b |||||||| |||| 00| 0 eng d
020 ## - ISBN
International Standard Book Number 9789360804367
Price Rs. 1595.00
040 ## - CATALOGING SOURCE
Original cataloging agency VIVEKANANDA LIBRARY
082 ## - DDC NUMBER
Classification number 305.5122
Book Number G939B
100 ## - MAIN ENTRY--PERSONAL NAME
Personal name Guha, Sumit
245 ## - TITLE STATEMENT
Title Beyond caste: Identity and power in South Asia, past and present
260 ## - PUBLICATION, DISTRIBUTION, ETC. (IMPRINT)
Name of publisher, distributor, etc Manohar Publishers
Date of publication, distribution, etc 2026
Place of publication, distribution, etc New Delhi
300 ## - PHYSICAL DESCRIPTION
Pages xviii, 236
650 ## - Subject
Subject Sociology
650 ## - Subject
Subject Social Groups
650 ## - Subject
Subject Social Classes
650 ## - Subject
Subject Caste Groups
942 ## - ADDED ENTRY ELEMENTS (KOHA)
Koha item type Books
Holdings
Withdrawn status Lost status Source of classification or shelving scheme Damaged status Not for loan Location (home branch) Sublocation or collection (holding branch) Shelving location Date acquired Koha issues (times borrowed) Koha full call number Accession No. Koha date last seen Koha item type
    Dewey Decimal Classification     VIVEKANANDA LIBRARY VIVEKANANDA LIBRARY Vivekananda Library 05/02/2026   305.5122 G939B 438176 05/02/2026 Books
© Designed and Maintained by Vivekananda Library, MDU Rohtak